000 00688nam 22001813 4500
001 199418
021 _aPT
_b59783/92
090 _a199418
100 _a20251205d u||y0pory50 ba
200 _aO espaço e o sagrado em S. Pedro de Vir-a-Corça
_e(concelho de Idanha-a-Nova)
_fMaria Adelaide Neto Salvado
210 _aIdanha-a-Nova
_cCâmara Municipal de Idanha-a-Nova
_d1993
215 _a117, [3], [32] p.
_cil. ; brochado
_d21 cm
606 _92051
_aAntropologia Cultural. Etnologia. Etnografia. Usos e Costumes. Tradições. Modo de vida. Folclore
675 _a39
_vPT
_zpor
700 _912990
_aSalvado
_bMaria Adelaide Neto
_f1937-
801 _aPT
_bBMMN
_gRPC
830 _cVanda
990 _cLIVROS